header

An introduction to econophysics (Record no. 3249)

MARC details
000 -LEADER
fixed length control field 01382nam a22003254a 4500
082 04 - DEWEY DECIMAL CLASSIFICATION NUMBER
Classification number 332/.01/5195
100 1# - MAIN ENTRY--AUTHOR NAME
Personal name Mantegna, Rosario N.
245 13 - TITLE STATEMENT
Title An introduction to econophysics
260 ## - PUBLICATION, DISTRIBUTION, ETC. (IMPRINT)
Place of publication Cambridge, UK ;
-- New York :
Name of publisher Cambridge University Press,
Year of publication 2000.
300 ## - PHYSICAL DESCRIPTION
Number of Pages ix, 148 p. :
Other physical details ill.
650 #0 - SUBJECT ADDED ENTRY--TOPICAL TERM
Topical Term Finance
Topical Term Finance
Topical Term Statistical physics.
700 1# - ADDED ENTRY--PERSONAL NAME
Personal name Stanley, H. Eugene
856 40 - ELECTRONIC LOCATION AND ACCESS
Uniform Resource Identifier http://site.ebrary.com/lib/rucke/Doc?id=10005020

No items available.

© 2026 Rongo University
Contact us: librarian | system librarian | Rongo university